| 000 | 00470nam a2200145Ia 4500 | ||
|---|---|---|---|
| 008 | 260210s9999 xx 000 0 und d | ||
| 024 | _a20B-028-SE, 20B-060-SE & 20B-034-SE | ||
| 082 | _a006.31072 FAH | ||
| 100 | _aUnsa Fahim, Adeena Hussain & Sania Shafeeq | ||
| 110 | _aMiss. Sitwat Ashraf | ||
| 245 | 0 | _aResummend AI Recruitment Agency | |
| 260 |
_aKarachi: _bUITU, _c2020 |
||
| 600 | _aBachelor of Software Engineering (SE) | ||
| 650 | _aSoftware Engineering | ||
| 999 |
_c33511 _d33511 |
||